000
00312nam a2200133Ia 4500
008
100328s9999 xx 000 0 und d
082
_b
55019
100
_a
Anand B.M.
245
_a
Story Of Guru Nanak
260
_b
Hemkant
630
_a
Story Of Guru Nanak
730
_a
Story Of Guru Nanak
942
_c
BOOK
999
_c
541720
_d
541717